Представление документа в формате RUSMARC

ПолеНазваниеЗначение
  Тип записи a
  Библиографический уровень m
001 Контрольный номер RU/SLIB/B/208737263
005 Дата корректировки 20241014141434.3
010 Индекс ISBN __
d Цена 400-00
101 Язык документа 0_
a Язык текста rus
200 Заглавие и сведения об ответственности 1_
a Заглавие Системные исследования в нефтегазопромысловой геологии
e Сведения, относящиеся к заглавию учеб. пособие
f Первые сведения об ответственности Дементьев Л. Ф.
b Общее обозначение материала Текст
210 Выходные данные 1_
a Место издания М.
c Издательство Недра
d Дата издания 1988
215 Физическое описание __
a Объем 204 с.
c Иллюстрации/тип воспроизводства ил.
225 Серия 2_
a Серия Высшее образование
606 Тематические рубрики __
a Основная рубрика Геология
606 Тематические рубрики __
a Основная рубрика Нефть и газы
610 Ключевые слова 0_
a Ключевые слова нефть; газ; нефтегазопромысловая геология
686 Индексы других классификаций __
a Классификационный индекс 26.343я73
700 Автор _1
a Фамилия Дементьев
b Имя Л. Ф.
4 Код отношения 070
801 Источник записи _0
a Страна RU
b Организация Муниципальное бюджетное учреждение культуры "Централизованная библиотечная система" г. Сургут (Центральная городская библиотека им. А. С. Пушкина)
g Правила каталогизации КиК/Уланова
801 Источник записи _1
a Страна RU
b Организация Муниципальное бюджетное учреждение культуры "Централизованная библиотечная система" г. Сургут (Центральная городская библиотека им. А. С. Пушкина)
g Правила каталогизации КиК/Уланова
852 Данные о местонахождении __
j Шифр хранения 26.343я73
c Каталожный индекс 26.343я73
i Авторский знак Д 30
p Инвентарный номер 60000
901 Тип документа __
t Тип документа m
969 Тип издания __
a Тип издания учебное пособие
990 Данные о заказе (DOS) __
j Количество экземпляров (DOS) 1
t N записи в КСУ для И/У (DOS) 199701